The splendour of Africa
Salvato in:
| Autore principale: | |
|---|---|
| Natura: | Libro |
| Pubblicazione: |
New York :
Walker and company,
c1965.
|
| Soggetti: | |
| Tags: |
Aggiungi Tag
Nessun Tag, puoi essere il primo ad aggiungerne!!
|
MARC
| LEADER | 00000nam a2200000 4500 | ||
|---|---|---|---|
| 020 | |a NA |c NA | ||
| 040 | |a MUL |b eng. |e AACR | ||
| 082 | |a 960 STE | ||
| 100 | |a Steffen D.C. | ||
| 245 | |a The splendour of Africa |c / D.C Steffen | ||
| 260 | |a New York : |b Walker and company, |c c1965. | ||
| 300 | |a 173 p. : |b some col. illl. ; |c 26 cm. | ||
| 546 | |a eng. | ||
| 650 | |a Features of Africa | ||
| 942 | |c BK | ||
| 999 | |c 6314 |d 6314 | ||